000 00807nam a2200229Ia 4500
005 20260430150811.0
008 008 250103s9999 xx 000 0 hin d
037 _aTheses
040 _aCRL
040 _bhin
040 _chin
041 _2hin
041 _ahin
084 _qCRL
100 _aशर्मा, राकेश, ले.
245 0 _aमूल-भारोपीय भाषा: एक समीक्षा
260 _c2023
300 _a182पृ.
700 _aदिल्ली विश्वविद्यालय. कला संकाय. संस्कृत विभाग; दिल्ली विश्वविद्यालय. कला संकाय. संस्कृत विभाग
_91238365
942 _cTH
999 _c1850832
_d1850832